Una temporada en el infierno / (Record no. 29228)

MARC details
000 -LEADER
campo de control de longitud fija 00600ntaaa2200193 4500
003 - IDENTIFICADOR DE NÚMERO DE CONTROL
campo de control 01
005 - FECHA Y HORA DE LA ÚLTIMA TRANSACCIÓN
campo de control 20251027203351.0
008 - DATOS DE LONGITUD FIJA--INFORMACIÓN GENERAL
campo de control de longitud fija 0714s1973 ag 01
020 ## - NÚMERO INTERNACIONAL ESTÁNDAR DEL LIBRO
Número Internacional Estándar del Libro 9879186354
040 ## - FUENTE DE CATALOGACIÓN
Centro catalogador/agencia de origen AR-BaBN
Lengua de catalogación spa
Centro/agencia transcriptor AR-BaBN
Normas de descripción aacr
Centro/agencia modificador RIC
100 ## - ENTRADA PRINCIPAL--NOMBRE DE PERSONA
Nombre de persona Rimbaud, Arthur
9 (RLIN) 130
245 ## - MENCIÓN DEL TÍTULO
Título Una temporada en el infierno /
Mención de responsabilidad, etc. Arthur Rimbaud, traducido por Omar Oilhaborda
260 ## - PUBLICACIÓN, DISTRIBUCIÓN, ETC.
Lugar de publicación, distribución, etc. Buenos Aires :
Nombre del editor, distribuidor, etc. Need,
Fecha de publicación, distribución, etc. 1998
300 ## - DESCRIPCIÓN FÍSICA
Extensión 86 p. ;
Dimensiones 20 cm.
500 ## - NOTA GENERAL
Nota general Título original: Une saison en enfer
500 ## - NOTA GENERAL
Nota general Donación de Tomás J. M. Mackey, 2021
700 ## - ENTRADA AGREGADA--NOMBRE PERSONAL
Nombre de persona Oilhaborda, Omar
Término indicativo de función/relación traductor
9 (RLIN) 37747
942 ## - ELEMENTOS DE ENTRADA SECUNDARIOS (KOHA)
Tipo de ítem Koha Colección General
Holdings
Estatus retirado Estado de pérdida Estado de daño No para préstamo Biblioteca de origen Biblioteca actual Fecha de adquisición Número de inventario Total de préstamos Código de barras Visto por última vez Precio de reemplazo Tipo de ítem Koha
        Biblioteca Pluis Biblioteca Pluis 27/10/2025 045778   045778 27/10/2025 27/10/2025 Colección General